| 000 | 00370nam a2200145Ia 4500 | ||
|---|---|---|---|
| 008 | 230917s9999||||xx |||||||||||||| ||und|| | ||
| 040 |
_e72715 _aMAIN |
||
| 041 | _aEnglish | ||
| 082 | _a658 C912O | ||
| 100 | _aCummings, Paul W | ||
| 245 | 0 | _aOpen management: guides to successful practice | |
| 260 |
_aNew York _bA M A C O M _c1980 |
||
| 300 | _a225 p. | ||
| 942 | _cBK | ||
| 999 |
_c226396 _d226396 |
||